| 000 | 00910nam a22003017a 4500 | ||
|---|---|---|---|
| 003 | CHAP | ||
| 005 | 20220817042454.0 | ||
| 008 | 971013s1985 r 00010 d | ||
| 010 | _a45723 | ||
| 011 | _a46695 | ||
| 035 | _a50836 | ||
| 040 | _cCHAP | ||
| 082 |
_a634.90913 _bF3Y |
||
| 110 | _aFAO | ||
| 245 | _aPrograma de acción forestal en los trópicos | ||
| 260 |
_aRoma : _bFAO, _c1985 |
||
| 300 | _a177 p. | ||
| 590 |
_aBATCH-UPD _b10 _c20130110 _lUCH01 _h1653 |
||
| 590 |
_aBATCH-UPD _b10 _c20130410 _lUCH01 _h1041 |
||
| 590 |
_aBATCH-UPD _b10 _c20130914 _lUCH01 _h0714 |
||
| 590 |
_aCONVERSION _b10 _c20130109 _lUCH01 _h1325 |
||
| 650 | 1 | 4 |
_aBosques _xTrópicos. _914401 |
| 650 | 1 | 4 |
_aPolítica forestal _xTrópicos. _990605 |
| 901 | _aBK | ||
| 942 | _cLIBRO | ||
| 949 |
_a634.90913 F3Y _bBC _cFAO _d-114121 _eFAO1 _h68864 _i50836 _si |
||
| 949 |
_a634.90913 F3Y _bBC _cFAO _d-114123 _eFAO2 _fc.2 _h68865 _i50836 _si |
||
| 999 |
_c45723 _d45723 |
||